Statistics for 1M Cities - United States

Click here to take the quiz!

General Stats

  • This quiz has been taken 42 times
  • The average score is 45 of 53

Answers on the Map

Answers color-coded by a green-red scale on the quiz's map according to % correct below.
Loading ...
 

Answer Stats

MilCity% Correct
9.80Chicago
100%
4.18Seattle
100%
22.2New York
97%
5.70Detroit
97%
2.08San Antonio
97%
5.60Atlanta
97%
6.20Miami
97%
17.7Los Angeles
97%
7.55Boston
97%
6.75Dallas
95%
6.35Houston
95%
2.15Las Vegas
95%
7.35Philadelphia
95%
3.60Denver
95%
8.40Washington
95%
1.15Memphis
92%
1.11Oklahoma City
92%
1.79Austin
92%
1.01New Orleans
92%
7.70San Francisco
92%
1.39Nashville
89%
1.01Honolulu
89%
2.33Portland
89%
3.30San Diego
89%
4.15Tampa
89%
4.40Phoenix
89%
1.36Jacksonville
89%
2.08Pittsburgh
86%
2.33Charlotte
86%
2.33Salt Lake City
86%
3.08Cleveland
86%
3.18Orlando
86%
2.03Sacramento
86%
1.94Indianapolis
86%
1.94Kansas City
86%
3.08Minneapolis
84%
1.54Raleigh
84%
1.68Columbus
81%
1.35Buffalo
81%
1.02El Paso
81%
1.55Milwaukee
81%
2.38Saint Louis
78%
2.75Cincinnati
78%
1.61Virginia Beach
78%
1.04Louisville
76%
1.04Richmond
76%
1.69Hartford
70%
1.32Harrisburg
59%
1.10Greensboro
57%
1.21Stockton
54%
1.27McAllen
46%
1.01Cape Coral
38%
1.13Melbourne
30%

Score Distribution

Percentile by Number Answered

Percent of People with Each Score

Your Score History

You have not taken this quiz